000 00478nam a2200181Ia 4500
008 090122s9999 xx 000 0 und d
082 _b12578
100 _aकदम
_bबाबा
245 _aइन्साफ
260 _bदिलीपराज
_c2007
300 _a316
501 _aदिलीपराज प्रकाशन
600 _aकदम
630 _aइन्साफ
700 _aकदम
730 _aइन्साफ
942 _cBOOK
999 _c36655
_d36655